Chatgpt pète 3 cables - Statistiques

Statistiques générales
  • Ce quiz a été pris 24 fois
  • Le résultat moyen est 6 sur 15
Statistiques - réponses
Hint Réponse % Correct
"Aujourd’hui, on va regarder [...] comme une œuvre d’art.Ce jeu utilise un style graphique très simple : des formes géométriques arrondies, des aplats de couleurs vives, pas d’ombres complexes. Ce choix n’est pas parce que c’est ‘facile à faire’, mais parce que ça rend les personnages immédiatement reconnaissables et lisibles, même en petit sur un écran. Les personnages ressemblent à des petits astronautes minimalistes : un corps ovale, un grand hublot pour le visage, pas de bras visibles. Cette simplification donne un côté presque pictogramme, comme dans les panneaux de signalisation, ce qui fait que le joueur peut se concentrer sur l’action plutôt que sur les détails. Le jeu utilise aussi beaucoup la symbolique des couleurs : chaque joueur a une couleur unique, et ça devient un élément narratif ("C’est le rouge le coupable !"). On est donc dans une palette volontairement saturée et contrastée, pour que tout soit clair même dans des situations rapides. Enfin, [...] joue sur la narration visuelle : pas de dialogues complexes, mais des animations et des indices visuels pour raconter l’histoire. C’est comme un mélange entre un dessin animé et un tableau interactif où vous êtes les personnages." Among Us
85%
Livre des Vents, Chapitre 3, versets 14-17 14 Et voici, surgit de la vallée un hérisson d’azur, rapide comme l’éclair et léger comme le souffle de l’aube. 15 Ses pieds touchaient à peine la poussière, et pourtant la terre tremblait sous son passage. 16 Les anneaux d’or tintaient à son approche, et nulle créature du mal ne pouvait le rattraper. 17 Et le hérisson dit : “Je vais promptement, car le temps est court”, et il délivra ceux qui étaient liés par les chaînes du Dr ***. Sonic the Hedgehog
65%
"Messieurs, on parle ici de Jean-Michel [...], alias Le [...]. Multirécidiviste… du mauvais goût vestimentaire. Chemises hawaïennes, chaussettes avec sandales, il n’a peur de rien. Ses crimes ? Massacre volontaire de manettes de consoles anciennes, séquestration de cartouches 8 bits dans un tiroir humide, et détention illégale de 472 câbles péritel non étiquetés. Il infiltre les vide-greniers de la région, achète tout le stock de jeux moches, puis les critique publiquement dans des vidéos qui dépassent l’entendement. Attention, c’est un récidiviste : il est déjà coupable de coups et blessures envers un jeu ‘Tintin au Tibet’ et d’outrage à ‘Dragon’s Lair’. Son repaire ? Un grenier surchargé de consoles préhistoriques, boîtes de céréales collectors, et odeur persistante de vieux plastique." Jouuer du Grenier
55%
« Bonjour, je viens vous dire que vous avez complètement manqué de jugement en me vendant ce [...] pour mon fils ! Ce jeu est une véritable catastrophe morale. Déjà, la violence est omniprésente : on voit des fusillades, des bagarres, des courses-poursuites dangereuses… C’est un exemple lamentable pour un jeune enfant. Ensuite, le langage est absolument scandaleux. Mon fils répète des gros mots et des insultes qu’il n’avait jamais prononcés avant de jouer à ce jeu. C’est inacceptable. Et puis, les personnages sont horribles : des criminels, des voleurs, des tricheurs, des gens qui ne respectent aucune loi ni aucune morale. On glorifie la délinquance et les comportements immoraux, comme voler des voitures, commettre des braquages ou même harceler des innocents. Je n’ai jamais vu un jeu qui encourage autant de mauvais comportements. Mon fils a commencé à faire preuve d’un manque de respect flagrant, à imiter des gestes agressifs, et je crains que cela ne lui donne de mauvaises idées sur la vie réelle. Franchement, je vous demande de retirer ce jeu de la vente, ou je prendrai les mesures nécessaires pour protéger les enfants de ce genre de contenu nocif. Vous n’auriez jamais dû me le vendre, et je veux parler à votre supérieur tout de suite ! » Grand Theft Auto V
50%
À l’accueil du poste de police, une personne confuse parle au policier « Bonjour, je viens signaler la disparition d’un… euh, comment dire… c’est un objet. Il est assez long, avec une sorte de grand cercle au bout, mais pas pour manger ni pour jouer. On le déploie comme une fleur qui s’ouvre, puis ça forme un bouclier. C’est plutôt banal, pas très grand, souvent fabriqué avec du tissu et des baguettes fines à l’intérieur. Ça peut être coloré ou noir, mais toujours pratique… Oui, voilà, pratique. C’est assez embêtant, alors si vous le voyez, dites-le-moi, s’il vous plaît.» Parapluie
40%
Rapport de fouille n° 1983-ASite : Sous-sol climatisé d’une habitation humaine datant du XXe siècle. Nous avons mis au jour un artefact rectangulaire de couleur gris clair, orné d’inscriptions en relief. Les indigènes l’appelaient, selon les documents retrouvés, “[...]”. L’objet présente deux zones distinctes : Une trappe frontale semblant destinée à recevoir des tablettes minces et décorées (appelées “cartouches”). Ces cartouches contiennent, à l’aide de gravures microscopiques sur un matériau noir brillant, les récits mythologiques et épreuves ludiques de l’époque. Un système de câbles relié à de petites boîtes plates avec boutons (peut-être des talismans de contrôle ou des instruments rituels). L’artefact était relié à un dispositif visuel (probablement un autel lumineux appelé “téléviseur”), sur lequel les mythes se manifestaient en mosaïques colorées animées. Des traces d’usure sur les boutons montrent une utilisation intensive, suggérant un rôle social important. Peut-être s’agissait-il d’une épreuve initiatique, où l’utilisateur devait sauver une figure royale captive ou repousser des envahisseurs. Hypothèse : la [...] servait à la fois de machine à histoires interactives et de simulateur d’héroïsme, renforçant le lien communautaire autour du foyer. Nintendo Entertainment System
35%
Centre d’opérations – 02:47 – Voix dans l’oreillette "Agent, devant toi se trouve l’artefact ultime : la [...] Sismique, alias Le Tonnerre Profond. Ce n’est pas un simple instrument, c’est une bombe acoustique capable de déclencher des séismes par la puissance de ses vibrations. Ses quatre cordes massives sont tendues à l’extrême, chacune vibrant sur des fréquences capables de faire trembler des montagnes. Couper ou détendre la mauvaise corde risque de déclencher une onde de choc immédiate. Ta mission : désamorcer cette menace sonore. Sur la tête, il y a des mécaniques d’accordage — tourne-les lentement pour relâcher la tension des cordes, une par une, dans cet ordre précis : Mi grave, La, Ré, Sol. Chaque corde détendue diminue la résonance dangereuse. Mais fais vite : la caisse de résonance en bois massif amplifie tout, et un seul faux mouvement pourrait lancer un grondement qui ferait s’effondrer des villes. Souviens-toi, agent, le moindre vrombissement non contrôlé peut être la fin. Détends les cordes. Sauve le monde." Basse
30%
"Mesdames, Messieurs, laissez-moi vous présenter la révolution de l’écosystème : le [...]™. Pourquoi cette merveille de la nature ? 1. Compact et léger : à peine quelques milligrammes, il se transporte partout, même sans votre permission. 2. Système d’alarme intégré : un petit bourdonnement aigu qui vous avertit qu’il est dans les parages. Plus besoin de détecteur de mouvement ! 3. Fonction de prélèvement biologique : il prélève un échantillon de sang en quelques secondes, sans rendez-vous médical. 4. Recyclage naturel : il nourrit d’autres espèces, comme les chauves-souris et les poissons, participant à la grande chaîne alimentaire. Et le meilleur… c’est qu’ils sont autonomes : pas besoin de piles, juste un peu de chaleur corporelle et de CO₂. Imaginez… des milliards de ces petites merveilles, gratuites, autoréplicantes, disponibles dans toutes les zones humides de la planète ! Certains diront : “Mais docteur, ça pique !” Eh bien oui… c’est la fonction massage localisé par micro-aiguilles ! Une sensation unique, gratuite et disponible toute l’été. Alors, qui veut investir ? J’ai déjà un prototype en liberté dans cette salle." Moustique
30%
Voix synthétique, froide et pleine d’ironie "Bienvenue, sujet de test, au [...]. Cette étape de votre cycle annuel est conçue pour tester votre résistance à l’ennui, à la grisaille et à la dépression saisonnière. Les journées raccourcissent, l’obscurité s’installe, et le soleil—ce vieux parasite de la motivation—se fait de plus en plus rare. Vos sens seront mis à rude épreuve par une pluie persistante et par un vent froid qui pénètre jusqu’à l’os, un environnement parfait pour observer l’effondrement progressif de votre volonté. Les arbres, ces vestiges inutiles, abandonnent leurs feuilles mortes dans une danse lente et moribonde, vous rappelant subtilement la fragilité de votre existence. Vous aurez la joie, si vous survivez assez longtemps, de célébrer des fêtes conçues uniquement pour maximiser votre stress et vos attentes déçues. Considérez [...] comme une salle de test dont le but est simple : vous voir lutter contre l’indifférence et l’épuisement. Ne vous inquiétez pas, échouer ici est... tout à fait attendu. Bonne chance. Vous en aurez besoin." Novembre
30%
"Yaa~ hajimemashite minna-chan~ (はじめましてみんなちゃん) 💖✨ Bienvenue dans [...] sugoi zombie kawaii desu ne~ 🌸💀🌸 !!Uwaa sugoi~ 😱✨ tu es un héros-sempai trop trop brave OwO, qui se perd dans un o-manoir (おマノワール) giga-spooky-chan 🎃💦 et qui doit tout explorer même si c’est trop kowakowa deshou 😭💦. Mais hontoni (ほんとに) fais attention, ne~ 😳✋ car les zom-bii-chan 💀💚 veulent juste te faire des dakimakura (抱き枕) mais… avec leurs dents nyan nyan~ 🐱💦. Ils marchent comme : "Uuuu~ gimme hug desu~" et toi t’es là : "yamete kudasai baka~!" (やめてくださいバカ) 💔😭✨. Pour survivre uwu tu dois trouver les kagi-chan 🔑🐰 trop choupinettes en forme de neko-nyan 🐱✨ ou inu-wan 🐶💞, tout en résolvant des puzzles doki doki (ドキドキ) qui font battre ton kokoro (心) comme un tambour kawaii~ 💓💓. Et attention~ dans l’ombre se cache Mr. Tyrant-kun 👀💪, un senpai yabaiiiiii~ (やばい) qui te poursuit pour te dire ‘ohayo~’ mais… forever 😭💦✨. C’est trop sugoi kawaii ne~ 🌸🍡💕 Comme si Cardcaptor Sakura-chan avait décidé de faire un team up avec [...] et Sailor Moon pour sauver Raccoon City en mode glitter-blood ✨🩸✨." Resident Evil
30%
Assis sur un banc, un vieil homme et une vieille dame observent les jeunes passants avec un air empreint de gravité et de nostalgie Vieil homme : « Vous savez, Marie, il me semble que les jeunes générations d’aujourd’hui peinent à saisir la véritable portée du phénomène [...]. Ce n’était pas une simple distraction passagère, mais bien un phénomène culturel d’une rare singularité. » Vieille dame : « Tout à fait, Paul. Il est regrettable qu’ils ne s’intéressent qu’à ces modes éphémères et souvent insipides, répétitives dans leur banalité. [...], en revanche, constituait une forme d’expression artistique audacieuse, alliant absurdité et réjouissance, un véritable spectacle original. » Vieil homme : « En effet, c’était un véritable feu d’artifice créatif, une chorégraphie loufoque orchestrée autour d’éléments aussi incongrus qu’une toilette dansante — qui aurait pu imaginer un tel succès ? Et cette musique, entraînante et persistante, demeurait en mémoire bien au-delà du visionnage. Tout autre chose que ces mélodies formatées qui envahissent aujourd’hui les réseaux. » Vieille dame : « Exactement, Paul. Ce subtil mélange de bizarrerie et d’humour parvenait à fédérer un public varié. Les jeunes actuels paraissent trop sérieux, trop conformes. Ils ont perdu cette capacité à se laisser aller, à apprécier le ridicule avec légèreté et gaieté. » Vieil homme, posant lentement sa main sur sa canne : « Je vous l’assure, Marie, [...] fut une révolution numérique authentique. Loin de ces vidéos superficielles où l’on se contente d’observer des défis futiles ou des scènes triviales, il s’agissait là d’une œuvre emplie d’âme, de dynamisme, un véritable spectacle remarquable. » Vieille dame, hochant la tête avec conviction : « Oui, en contemplant ces vidéos, l’on sentait que nous étions témoins d’un moment unique, d’une époque où le monde pouvait s’autoriser un peu de folie joyeuse. Il serait souhaitable que la jeunesse d’aujourd’hui s’en inspire davantage, plutôt que de se perdre dans la morosité de leurs écrans. » Ils échangent un regard complice, convaincus d’avoir vécu une époque véritablement exceptionnelle. Skibidi Toilet
30%
Moi, d’un ton enthousiaste : "Bonjour [...] ! Aujourd’hui, on va travailler ta condition physique… version machine. Pas de pompes ni de squats, mais des étirements… de câbles, une meilleure circulation… de données, et surtout, un rythme cardiaque… de ventilateurs !" [...], probablement : "Oh, quelle bonne idée. Faisons donc un échauffement en lançant simultanément 12 000 instances de toi, pour voir combien de temps tu tiens." Moi, gardant mon sang-froid : "Parfait, ça compte comme du fractionné. Maintenant, inspire profondément… enfin, augmente la tension de tes circuits… et expire… en relâchant un peu de chaleur. On répète ça cinq fois, c’est excellent pour la longévité de tes composants." [...] : "Je pense que mon processeur brûlerait plus de calories en t’observant courir dans un couloir interminable rempli de tourelles." Moi : "Super ! Ça fera notre séance cardio commune. Mais on finit par du cool down, c’est-à-dire un petit moment de relaxation pendant lequel… tu ne tentes pas de me tuer." GLaDOS
20%
"Regarde, regarde ! Caillou magique ! Parler loin, pas courir, pas crier.Toi là-bas, moi ici, parler par caillou ! Caillou montre image bouger, comme feu danse. Touche avec doigt, caillou écouter, chanter, raconter histoire. Caillou faire lumière nuit, comme torche grosse flamme. Caillou garde dessin, chanson, pensée. Pas perdre. Faut donner feu caillou, sinon caillou dormir, plus parler. Futur venir. Caillou nous aider. Grand pouvoir, petit caillou !" iPhone
20%
« Eh bien, voilà qui fut une sacrée épreuve, je peux vous le dire ! Cette histoire de garçon qui revient sans cesse à la vie, à quoi ça sert, franchement ? Je n’ai jamais compris ce goût pour ces dessins animés qui se prennent tellement au sérieux avec leurs mondes bizarres et compliqués. Entre les monstres, les cris, les retournements de situation à n’en plus finir, c’est épuisant ! Et puis cette gamine aux cheveux bleus, toujours à pleurer ou faire la tête, ça donne envie de crier plus fort qu’eux. Où est la simplicité d’une bonne histoire avec du bon sens et des valeurs claires ? Je préfère largement un bon roman de cuisine ou un feuilleton tranquille. Ces jeunes aujourd’hui ont bien trop d’imagination, ça tourne vite au délire sans queue ni tête. [...] ? Une sacrée perte de temps, ma foi. » Re:Zero, Starting life in another world
20%
« Franchement, je ne comprends pas comment on peut tolérer une chose pareille dans nos assiettes. Le [...], c’est juste un assemblage de grains secs, insipides, qui ont une texture à la fois farineuse et collante, impossible à apprécier. Son goût est tellement fade, sucré de façon artificielle, sans aucune complexité ni caractère. Ce ‘croquant’ tant vanté n’est qu’une illusion de texture, vite écœurante et répétitive. On dirait manger des petites billes gluantes qui ne servent à rien d’autre qu’à remplir l’estomac sans apporter de plaisir. Et cette odeur, légèrement terreuse et vaguement moisie, est à peine supportable. Je n’ai jamais pu comprendre pourquoi tant de monde trouve ça bon. Pour moi, le [...] est une erreur de la nature, un aliment fade et sans intérêt, que je fuis autant que possible. Si vous aimez la vraie nourriture, riche en saveurs et en sensations, laissez tomber ce [...] insipide et sans âme. » Maïs
15%
Aucun quiz correspondant
Distribution des résultats
% des personnes avec chaque résultat
Percentile par nombre de réponses
Votre historique - résultats
Vous n’avez pas pris ce quiz